[Event "FRIENDS aROUNd tHe WORLD"]
[Site "SchemingMind.com"]
[Date "2009.06.01"]
[Round "-"]
[White "sidra"]
[Black "oluaris"]
[Result "1-0"]
[WhiteCountry "HUN"]
[BlackCountry "INT"]
[WhiteElo "1672"]
[WhiteRD "83"]
[BlackElo "1499"]
[BlackRD "113"]
[GameID "206722"]

1. d4 f5 2. c4 Nf6 3. f3 e6 4. e3 Be7 5. a3 d5 6. c5 Nc6 7. b4 b6 8. Bb5 Bb7 9. Nc3 a6 10. Bd3 b5
11. Nge2 g6 12. O-O Na7 13. Nf4 Qd7 14. g3 g5 15. Ng2 c6 16. Qe2 Bf8 17. f4 g4 18. a4 h5 19. a5 Bg7 20. Nh4 Rg8
21. Ng6 Ne4 22. Bxe4 dxe4 23. Rd1 Qf7 24. Ne5 Nc8 25. Nxf7
1-0

[Event "FRIENDS aROUNd tHe WORLD"]
[Site "SchemingMind.com"]
[Date "2009.06.01"]
[Round "-"]
[White "italy58"]
[Black "PackoJones1000"]
[Result "1-0"]
[WhiteCountry "ITA"]
[BlackCountry "ESP"]
[WhiteElo "2333"]
[WhiteRD "109"]
[BlackElo "2262"]
[BlackRD "93"]
[GameID "206723"]

1. d4 Nf6 2. c4 e6 3. Nf3 d5 4. Nc3 Be7 5. Bg5 h6 6. Bxf6 Bxf6 7. e3 O-O 8. Qc2 Na6 9. Qd2 b6 10. cxd5 exd5
11. Bb5 Bb7 12. Qe2 Nb4 13. a3 a6 14. Ba4 Nc6 15. O-O Na5 16. Ne5 Bxe5 17. dxe5 Qe7 18. f4 b5 19. Bc2 Nc4 20. Nd1 Rfd8
21. Rc1 c5 22. Rf3 d4 23. Rg3 Kh8 24. Qg4 Rg8 25. exd4 cxd4 26. Bd3 Bd5 27. Rc2 Qe6 28. Qh5 Rae8 29. Re2 Qc8 30. e6 Bxe6
31. f5 Bxf5 32. Bxf5 Qc5 33. Bg4 Qa7 34. Rd3 Rxe2 35. Bxe2 Re8 36. Bf1 Ne5 37. Qe2 Qd7 38. Rg3 f5 39. Qd2 g5= 40. a4 f4
41. Rb3 Qe6 42. Ra3 Qb6 43. axb5 axb5 44. Qb4 d3+ 45. Nf2 Ng4 46. Qd2 Ne5 47. Ra1
1-0

[Event "FRIENDS aROUNd tHe WORLD"]
[Site "SchemingMind.com"]
[Date "2009.06.01"]
[Round "-"]
[White "oluaris"]
[Black "sidra"]
[Result "0-1"]
[WhiteCountry "INT"]
[BlackCountry "HUN"]
[WhiteElo "1499"]
[WhiteRD "113"]
[BlackElo "1672"]
[BlackRD "83"]
[GameID "206727"]

1. d4 d5 2. Nf3 f6 3. g3 e6 4. Bg2 Bd6 5. O-O Nc6 6. Nc3 a6 7. b3 Nge7 8. Bb2 O-O 9. e3 e5 10. dxe5 fxe5
11. Nxd5 Be6 12. Ng5 Bc8 13. Qd3 g6 14. Bh3 Nf5 15. f4 h6 16. Ne4 Nxe3 17. Nxe3 Bxh3 18. Ng2 Bf5 19. Ne3 Qe7 20. Nxf5 Rxf5
21. c4 Nb4 22. Qd5+ Nxd5
0-1

[Event "FRIENDS aROUNd tHe WORLD"]
[Site "SchemingMind.com"]
[Date "2009.06.01"]
[Round "-"]
[White "PackoJones1000"]
[Black "italy58"]
[Result "1/2-1/2"]
[WhiteCountry "ESP"]
[BlackCountry "ITA"]
[WhiteElo "2270"]
[WhiteRD "103"]
[BlackElo "2320"]
[BlackRD "113"]
[GameID "206728"]

1. e4 c5 2. Nf3 d6 3. d4 cxd4 4. Nxd4 Nf6 5. Nc3 a6 6. Bc4 e6 7. Bb3 b5 8. O-O Be7 9. Be3 O-O 10. f3 Re8
11. a4 b4 12. Na2 Qa5 13. Qd2 d5 14. exd5 Nxd5 15. Bxd5 exd5 16. Rfd1 Bb7 17. Nf5 Bf8 18. c3 bxc3 19. Nxc3 Re5 20. Nd4 Nc6
21. Bf2 Rc8 22. Nde2 Rd8 23. Nd4 Nxd4 24. Qxd4 Re6 25. Rd3 Rde8 26. Rdd1 h6 27. Rab1 Bd6 28. Nxd5 Bxd5 29. Qxd5 Qxa4 30. b3 Qb4
31. g3 Qb8 32. Re1 Bf8 33. Rxe6 Rxe6=
1/2-1/2

[Event "FRIENDS aROUNd tHe WORLD"]
[Site "SchemingMind.com"]
[Date "2009.06.02"]
[Round "-"]
[White "ErnestHemingway"]
[Black "soundso"]
[Result "1-0"]
[WhiteCountry "POL"]
[BlackCountry "USA"]
[WhiteElo "1937"]
[WhiteRD "184"]
[BlackElo "1611"]
[BlackRD "95"]
[GameID "206902"]

1. e4 c6 2. d4 d5 3. Nc3 dxe4 4. Nxe4 Nf6 5. Nxf6+ exf6 6. c3 c5 7. Nf3 Bg4 8. Be3 Nd7 9. Be2 Be7 10. O-O O-O
11. d5 Qc7 12. c4 Bd6 13. h3 Bxf3 14. Bxf3 Be5 15. Qc2 Rfe8 16. Rfe1 Bh2+ 17. Kh1 Ne5 18. Be4 g6 19. g3 f5 20. Bg2 Bxg3
21. fxg3 Nd7 22. Bf4 Rxe1+ 23. Rxe1 Qa5 24. Re7 Qd8 25. Qe2 b6 26. d6 Rc8 27. Bd5
1-0

[Event "FRIENDS aROUNd tHe WORLD"]
[Site "SchemingMind.com"]
[Date "2009.06.02"]
[Round "-"]
[White "slayek"]
[Black "MazetaFighter"]
[Result "0-1"]
[WhiteCountry "POL"]
[BlackCountry "GRE"]
[WhiteElo "1652"]
[WhiteRD "131"]
[BlackElo "2002"]
[BlackRD "63"]
[GameID "206903"]

1. Nf3 d5 2. g3 Nf6 3. Bg2 c6 4. O-O Bg4 5. d3 Nbd7 6. Nbd2 e5 7. e4 Bd6 8. h3 Bh5 9. exd5 cxd5 10. g4 Bg6
11. Nh4 O-O 12. Nxg6 hxg6 13. c4 Nc5 14. Qc2 e4 15. dxe4 dxe4 16. Nxe4 Nfxe4 17. Bxe4 Qh4 18. Bg2 Rfe8 19. Be3 Rab8 20. Rad1 Bf8
21. b3 b6 22. b4 Ne6 23. a3 a5 24. Qb2 Ng5
0-1

[Event "FRIENDS aROUNd tHe WORLD"]
[Site "SchemingMind.com"]
[Date "2009.06.02"]
[Round "-"]
[White "soundso"]
[Black "ErnestHemingway"]
[Result "0-1"]
[WhiteCountry "USA"]
[BlackCountry "POL"]
[WhiteElo "1611"]
[WhiteRD "95"]
[BlackElo "1937"]
[BlackRD "184"]
[GameID "206913"]

1. d4 Nf6 2. c4 e6 3. Nf3 b6 4. e3 Bb7 5. Bd3 d5 6. cxd5 exd5 7. O-O Bd6 8. Nc3 O-O 9. Qc2 c5 10. Nb5 Be7
11. Ng5 g6 12. e4 dxe4 13. Nxe4 a6 14. Bh6 Re8 15. Nbc3 cxd4 16. Nxf6+ Bxf6 17. Ne4 Bg7 18. Bg5 Qd5 19. Bf6 Nd7 20. Bxg7 Kxg7
21. Rfe1 Nc5 22. f3 Nxd3 23. Qxd3 Rad8 24. b3 Re6 25. Re2 Rde8 26. Rae1 Bc6 27. Nd2 Rxe2 28. Rxe2 Bb5 29. Nc4 Rxe2 30. Qxe2 d3
31. Qb2+ f6 32. Nd2 Qc5+ 33. Kf1 Qc2 34. Nc4 Bxc4
0-1

[Event "FRIENDS aROUNd tHe WORLD"]
[Site "SchemingMind.com"]
[Date "2009.06.02"]
[Round "-"]
[White "MazetaFighter"]
[Black "slayek"]
[Result "1-0"]
[WhiteCountry "GRE"]
[BlackCountry "POL"]
[WhiteElo "2002"]
[WhiteRD "63"]
[BlackElo "1652"]
[BlackRD "131"]
[GameID "206914"]

1. e4 c6 2. d4 d5 3. exd5 cxd5 4. c4 Nf6 5. Nc3 e6 6. Nf3 dxc4 7. Bxc4 Bb4 8. O-O O-O 9. Bg5 h6 10. Bxf6 Qxf6
11. Ne4 Qf4 12. Qd3 Nc6 13. Qe3 Bd6 14. g3 Qxe3 15. fxe3 Be7 16. Rac1 a6 17. Bb3 Na5 18. Bd1 Nc6 19. Be2 Bd7 20. Nc5 Bxc5
21. Rxc5 Rac8 22. Rfc1 Nb4 23. Ne5 Rxc5 24. Rxc5 Bc8 25. a3 Nd5 26. e4
1-0

[Event "FRIENDS aROUNd tHe WORLD"]
[Site "SchemingMind.com"]
[Date "2009.06.02"]
[Round "-"]
[White "Raimondi"]
[Black "brightnight"]
[Result "1-0"]
[WhiteCountry "PER"]
[BlackCountry "USA"]
[WhiteElo "1648"]
[WhiteRD "77"]
[BlackElo "1533"]
[BlackRD "132"]
[GameID "207022"]

1. e4 c5 2. Nf3 Nc6 3. d4 cxd4 4. Nxd4 e5 5. Nb5 a6 6. Nd6+ Bxd6 7. Qxd6 Nf6 8. Nc3 Ne7 9. Bg5 Ng6 10. O-O-O Ne7
11. Bc4 O-O 12. h4 Nc6 13. f3 h6 14. Bxf6 Qxf6 15. Qxf6 gxf6 16. Nd5 Kg7 17. Nb6 Rb8 18. Nxd7 Bxd7 19. Rxd7 Nd4 20. c3 b5
21. cxd4 bxc4 22. dxe5 fxe5 23. Rhd1 Rb5 24. Rc7 Rb4 25. Rdd7 a5 26. Kc2 a4 27. Rc5 Rfb8 28. b3 cxb3+ 29. axb3 axb3+ 30. Kb2 Ra4
31. g4 Ra2+ 32. Kb1 Rf2 33. Rc3 b2 34. Rd1 Ra8 35. Rc2 Rxc2 36. Kxc2 Ra1 37. Rb1 Rxb1 38. Kxb1 Kg6 39. Kxb2 f6 40. Kc3 h5
41. Kc4 hxg4 42. fxg4 Kh6 43. Kd5 Kg6 44. h5+ Kg5 45. Ke6
1-0

[Event "FRIENDS aROUNd tHe WORLD"]
[Site "SchemingMind.com"]
[Date "2009.06.07"]
[Round "-"]
[White "chesshub"]
[Black "Space"]
[Result "1-0"]
[WhiteCountry "FRA"]
[BlackCountry "SWE"]
[WhiteElo "2485"]
[WhiteRD "76"]
[BlackElo "2168"]
[BlackRD "84"]
[GameID "207024"]

1. e4 e5 2. Nf3 Nc6 3. Bc4 Nf6 4. Ng5 d5 5. exd5 Na5 6. Bb5+ c6 7. dxc6 bxc6 8. Be2 h6 9. Nf3 e4 10. Ne5 Bd6
11. d4 exd3 12. Nxd3 Qc7 13. b3 O-O 14. Bb2 Re8 15. h3 Qe7 16. Nc3 Bf5 17. O-O Bc7 18. Re1 Qd6 19. g3 Bxh3 20. Na4 Rad8
21. Bf3 Nh7 22. Be5 Qd7 23. Nac5 Qc8 24. Bxc7 Qxc7 25. Rxe8+ Rxe8 26. Qd2
1-0

[Event "FRIENDS aROUNd tHe WORLD"]
[Site "SchemingMind.com"]
[Date "2009.06.03"]
[Round "-"]
[White "staunton64"]
[Black "maro"]
[Result "1-0"]
[WhiteCountry "FRA"]
[BlackCountry "MEX"]
[WhiteElo "1646"]
[WhiteRD "67"]
[BlackElo "1328"]
[BlackRD "52"]
[GameID "207025"]

1. c4 d6 2. g3 e5 3. Bg2 Na6 4. Nc3 Nc5 5. b4 Ne6 6. e3 c6 7. Nge2 Be7 8. O-O Nf6 9. d4 exd4 10. Nxd4 d5
11. cxd5 cxd5 12. Nf5 Bxb4 13. Qa4+ Bd7 14. Qxb4 b6 15. Nxd5 Nxd5 16. Bxd5 a5 17. Qd6 Ra6 18. Bxe6 fxe6 19. Nxg7+ Kf7 20. Nh5
1-0

[Event "FRIENDS aROUNd tHe WORLD"]
[Site "SchemingMind.com"]
[Date "2009.06.02"]
[Round "-"]
[White "brightnight"]
[Black "Raimondi"]
[Result "1/2-1/2"]
[WhiteCountry "USA"]
[BlackCountry "PER"]
[WhiteElo "1533"]
[WhiteRD "132"]
[BlackElo "1648"]
[BlackRD "77"]
[GameID "207031"]

1. e4 e5 2. Nf3 Nc6 3. Bb5 a6 4. Bxc6 dxc6 5. h3 Nf6 6. O-O Bd6 7. Nc3 O-O 8. d4 exd4 9. Nxd4 h6 10. Nf3 Re8
11. e5 Bxe5 12. Qxd8 Rxd8 13. Nxe5 Bf5 14. Nc4 Bxc2 15. Bf4 Rd7 16. Ne5 Re7 17. Nf3 Nd5 18. Nxd5 cxd5 19. Nd4 Bg6 20. Nb3 b6
21. Nd4 c5 22. Nc6 Rb7 23. Ne5 Bf5 24. g4 Be6 25. f3 d4 26. h4 f6 27. Rae1 Bxa2 28. Nd3 c4 29. Nb4 Bb3 30. g5 hxg5
31. hxg5 d3 32. Nd5 b5 33. gxf6 gxf6 34. Nxf6+ Kg7 35. Be5 Kf7 36. Nd5 Rd7 37. Nc3 d2 38. Re4 b4 39. Rf4+ Ke8 40. Ne4 d1=Q
41. Rxd1 Rxd1+ 42. Kf2 a5 43. Nd6+ Kd7 44. Ne4 Kc6 45. Rf6+ Kd5 46. Bf4 Rd8 47. Bc7 Rd7 48. Bxa5 Rb1 49. Bxb4 Rxb2+ 50. Ke3 Bc2
51. Rf5+ Kc6 52. Rc5+ Kb6 53. Ba5+ Ka6 54. Bc3 Bxe4 55. Bxb2 Bd3 56. Bc3 Re7+=
1/2-1/2

[Event "FRIENDS aROUNd tHe WORLD"]
[Site "SchemingMind.com"]
[Date "2009.06.07"]
[Round "-"]
[White "Space"]
[Black "chesshub"]
[Result "0-1"]
[WhiteCountry "SWE"]
[BlackCountry "FRA"]
[WhiteElo "2168"]
[WhiteRD "84"]
[BlackElo "2485"]
[BlackRD "76"]
[GameID "207033"]

1. e4 c5 2. Nc3 Nc6 3. Bb5 Nd4 4. Bc4 e6 5. Nge2 Ne7 6. O-O Nec6 7. d3 Be7 8. Nxd4 cxd4 9. Ne2 O-O 10. Bd2 f5
11. a3 a6 12. Ba2 Qb6 13. Rb1 fxe4 14. dxe4 Kh8 15. Nf4 Qc7 16. g3 Bd6 17. Qh5 Bxf4 18. Bxf4 d6 19. Bd2 Qb6 20. Kg2 Bd7
21. f4 Rac8 22. Rfc1 Ne7 23. Qe2 Ng8
0-1

[Event "FRIENDS aROUNd tHe WORLD"]
[Site "SchemingMind.com"]
[Date "2009.06.03"]
[Round "-"]
[White "maro"]
[Black "staunton64"]
[Result "0-1"]
[WhiteCountry "MEX"]
[BlackCountry "FRA"]
[WhiteElo "1328"]
[WhiteRD "52"]
[BlackElo "1646"]
[BlackRD "67"]
[GameID "207034"]

1. Nc3 Nf6 2. e4 e5 3. Nf3 d6 4. Nd5 Nxd5 5. exd5 Be7 6. Be2 Nd7 7. d3 Nf6 8. c4 O-O 9. O-O Bf5 10. h3 h6
11. g4 Bd7 12. Nh4 Nxg4 13. Bxg4 Bxh4 14. Bxd7 Qxd7 15. Qf3 f5 16. Qh5 Qe7 17. Bd2 f4 18. f3 Rf7 19. Kh1 Raf8 20. Rg1 Qd7
21. Rg4 Bg3 22. Rc1 Rf5 23. Qg6 R8f6
0-1

[Event "FRIENDS aROUNd tHe WORLD"]
[Site "SchemingMind.com"]
[Date "2009.06.04"]
[Round "-"]
[White "Mekon"]
[Black "Brian Acebo"]
[Result "1-0"]
[WhiteCountry "USA"]
[BlackCountry "USA"]
[WhiteElo "1570"]
[WhiteRD "119"]
[BlackElo "1620"]
[BlackRD "64"]
[GameID "207141"]

1. e4 c5 2. Nf3 d6 3. d4 cxd4 4. Nxd4 Qa5+ 5. Bd2 Qe5 6. Be3 Qxe4 7. Nc3 Qe5 8. Bc4 Nf6 9. O-O e6 10. Ndb5 Na6
11. Re1 d5 12. Bd4 Qf4 13. Bb3 Be7 14. Be5 Qb4 15. Qf3 O-O 16. a3 Qc5 17. Rad1 Bd7 18. h3 Bxb5 19. Nxb5 b6 20. Nc3 Nd7
21. Bd4 Qc6 22. Ba4 Qc7 23. Qg4 Bf6 24. Nb5 Qd8 25. c3 Qc7 26. Nxc7
1-0

[Event "FRIENDS aROUNd tHe WORLD"]
[Site "SchemingMind.com"]
[Date "2009.06.04"]
[Round "-"]
[White "rougon"]
[Black "Slavko"]
[Result "1-0"]
[WhiteCountry "USA"]
[BlackCountry "CRO"]
[WhiteElo "1807"]
[WhiteRD "74"]
[BlackElo "1341"]
[BlackRD "225"]
[GameID "207142"]

1. d4 d5 2. Nf3 f6 3. e3 g5 4. Bd3 g4 5. Ng1 e5 6. c3 e4 7. Be2 f5 8. h3 h5 9. hxg4 fxg4 10. Nd2 Bd7
11. c4 c6 12. Qb3 Bc8 13. cxd5 Qxd5 14. Bc4 Qg5 15. Bf7+ Kd8 16. Nxe4 Nf6 17. Nxg5 Bh6 18. Ne6+ Ke7 19. Nc7 Rf8 20. Bxh5 Nxh5
21. Rxh5 Bg7 22. e4 Bxd4 23. Bg5+ Kd7 24. Rh7+ Kd6 25. Be7+ Kxc7 26. Bxf8+ Nd7 27. Rd1 Be5 28. Qe6 g3 29. Bd6+ Bxd6 30. Qxd6+ Kb6
31. Rd3 gxf2+ 32. Kxf2 Nc5 33. Qc7+ Ka6 34. Ra3+ Kb5 35. Rh5 a5 36. Ne2 b6 37. Nd4+ Kc4 38. Ke3 Bd7 39. Qxb6 a4 40. Rc3#
1-0

[Event "FRIENDS aROUNd tHe WORLD"]
[Site "SchemingMind.com"]
[Date "2009.06.04"]
[Round "-"]
[White "Faloan"]
[Black "Stephen"]
[Result "1-0"]
[WhiteCountry "GER"]
[BlackCountry "ENG"]
[WhiteElo "2164"]
[WhiteRD "99"]
[BlackElo "1960"]
[BlackRD "115"]
[GameID "207143"]

1. d4 d5 2. c4 c6 3. Nf3 Nf6 4. e3 Bf5 5. Nc3 e6 6. Nh4 Bg4 7. Qb3 Qc7 8. h3 Bh5 9. g4 Bg6 10. Nxg6 hxg6
11. Bg2 Nbd7 12. g5 dxc4 13. Qxc4 Nb6 14. Qb3 Nfd5 15. Bd2 Be7 16. h4 O-O-O 17. a4 Nxc3 18. bxc3 a6 19. Ke2 Rh7 20. c4 Rdh8
21. Ba5 Bd8 22. c5 Rxh4 23. Rxh4 Rxh4 24. Bxb6 Qd7 25. Bxd8 Qxd8 26. Rb1 Qc7 27. Qb6 Qxb6 28. Rxb6 Rg4 29. Bxc6 bxc6 30. Rxc6+ Kb7
31. Rb6+ Ka7 32. f4 Rg2+ 33. Kf3 Ra2 34. Rd6 Rb2 35. Rd7+ Rb7 36. c6
1-0

[Event "FRIENDS aROUNd tHe WORLD"]
[Site "SchemingMind.com"]
[Date "2009.06.05"]
[Round "-"]
[White "PStuart"]
[Black "Zugzwang"]
[Result "1-0"]
[WhiteCountry "USA"]
[BlackCountry "CAN"]
[WhiteElo "1667"]
[WhiteRD "159"]
[BlackElo "1474"]
[BlackRD "59"]
[GameID "207144"]

1. d4 f5 2. Nf3 Nf6 3. Bf4 e6 4. e3 c6 5. c3 d5 6. Nbd2 Be7 7. Be2 O-O 8. O-O Nbd7 9. Ne5 Nxe5 10. Bxe5 b5
11. f4 Bd7 12. Nf3 a5 13. a3 Be8 14. Bxf6 Bxf6 15. Ne5 Bxe5 16. dxe5 Rb8 17. Rf3 Bh5 18. Rh3 Bxe2 19. Qxe2 Qb6 20. Qh5 h6
21. Qg6 Kh8 22. Qxe6 Rbe8 23. Qg6 a4 24. Rg3 Re7 25. Rd1 Rff7 26. Rxd5 Qc7 27. Rd6 c5 28. Qh5 Qb8 29. Qd1 Rf8 30. Rgg6 b4
31. cxb4 cxb4 32. Qxa4 Ra7 33. Qxb4 Qxb4 34. axb4 Ra1+ 35. Kf2 Rb1 36. e6 Rxb2+ 37. Kf3 Rxb4 38. e7 Re8 39. Rd8
1-0

[Event "FRIENDS aROUNd tHe WORLD"]
[Site "SchemingMind.com"]
[Date "2009.06.04"]
[Round "-"]
[White "Brian Acebo"]
[Black "Mekon"]
[Result "0-1"]
[WhiteCountry "USA"]
[BlackCountry "USA"]
[WhiteElo "1588"]
[WhiteRD "68"]
[BlackElo "1738"]
[BlackRD "90"]
[GameID "207147"]

1. e4 Nf6 2. e5 Nd5 3. c4 Nb6 4. Nf3 d6 5. d4 Bg4 6. h3 Bxf3 7. Qxf3 c6 8. Bf4 dxe5 9. Bxe5 N8d7 10. Bg3 e6
11. a3 Be7 12. Bd3 Nf6 13. Be5 O-O 14. O-O Rc8 15. b4 Nbd7 16. Bg3 Re8 17. Nc3 Bf8 18. Ra2 g6 19. Bh4 Bg7 20. Re1 Qc7
21. Bg3 Qd8 22. Rae2 Nh5 23. Re4 Nxg3 24. Qxg3 Nf6 25. Rh4 Nh5 26. Rxh5 gxh5 27. Ne2 Qf6 28. Nf4 Qh6 29. c5 Rcd8 30. Ne2 Kh8
31. Qf3 Rf8 32. Qe4 Qg6 33. Rd1 Qxe4 34. Bxe4 Rd7 35. Bf3 h4 36. Bg4 Rfd8 37. Kh2 Bxd4 38. Nxd4 Rxd4 39. Rb1 Rd2 40. f3 Ra2
41. Bh5 f6 42. a4 Rdd2 43. Rg1 Kg7 44. b5 cxb5 45. axb5 Rac2 46. c6 bxc6 47. bxc6 Rxc6 48. Be8 Rc8 49. Bb5 a5 50. Ra1 Ra8
51. Bc6 Ra7 52. Bb5 Rb2 53. Bc4 e5 54. Bd3 a4 55. Ra3 Rb3 56. Rxb3 axb3
0-1

[Event "FRIENDS aROUNd tHe WORLD"]
[Site "SchemingMind.com"]
[Date "2009.06.06"]
[Round "-"]
[White "Stephen"]
[Black "Faloan"]
[Result "0-1"]
[WhiteCountry "ENG"]
[BlackCountry "GER"]
[WhiteElo "1960"]
[WhiteRD "115"]
[BlackElo "2164"]
[BlackRD "99"]
[GameID "207149"]

1. d4 d5 2. c4 c6 3. Nf3 Nf6 4. Nc3 dxc4 5. a4 Bf5 6. Ne5 Nbd7 7. Nxc4 Nb6 8. Ne5 a5 9. g3 e6 10. Bg2 Bb4
11. O-O O-O 12. Bg5 h6 13. Bxf6 Qxf6 14. Qb3 Rfd8 15. e3 Nd7 16. Nxd7 Rxd7 17. Rac1 Rad8 18. Ne4 Bxe4 19. Bxe4 e5 20. dxe5 Qxe5
21. Bg2 Rd3 22. Qc2 Rd2 23. Rfd1 Qf6 24. Rxd2 Rxd2 25. Qe4 Qxf2+ 26. Kh1 Re2 27. Rf1 Qxe3 28. Qf5 Qe6 29. Qxe6 Rxe6 30. Bf3 Kf8
31. Kg2 Ke7 32. Rd1 Rd6 33. Rxd6 Kxd6 34. Kf2 Kc5 35. Be2 Bd2 36. b3 b5
0-1

[Event "FRIENDS aROUNd tHe WORLD"]
[Site "SchemingMind.com"]
[Date "2009.06.04"]
[Round "-"]
[White "Zugzwang"]
[Black "PStuart"]
[Result "0-1"]
[WhiteCountry "CAN"]
[BlackCountry "USA"]
[WhiteElo "1474"]
[WhiteRD "59"]
[BlackElo "1667"]
[BlackRD "159"]
[GameID "207150"]

1. d4 d5 2. Nf3 Nf6 3. e3 Bf5 4. c4 e6 5. Qb3 b6 6. Ne5 Be7 7. Qa4+ Nfd7 8. cxd5 exd5 9. Bb5 a5 10. Nc3 Bb4
11. O-O Be6 12. Nc6 Nxc6 13. Bxc6 Rb8 14. Nxd5 Bxd5 15. Bxd5 O-O 16. Qb3 Nf6 17. Bc4 Qd7 18. f3 Rfe8 19. Re1 Bxe1 20. a3 b5
21. Bd3 a4 22. Qa2 Ba5 23. b4 Bb6 24. Bd2 c6 25. Rc1 g6 26. Bc3 Nd5 27. e4 Nxc3 28. Rxc3 Qxd4+
0-1

[Event "FRIENDS aROUNd tHe WORLD"]
[Site "SchemingMind.com"]
[Date "2009.06.08"]
[Round "-"]
[White "nino"]
[Black "XTC"]
[Result "0-1"]
[WhiteCountry "WLS"]
[BlackCountry "COL"]
[WhiteElo "1397"]
[WhiteRD "78"]
[BlackElo "1558"]
[BlackRD "69"]
[GameID "207341"]

1. d4 d5 2. Nf3 Nc6 3. Nc3 Nf6 4. b3 Bg4 5. Bb2 Bxf3 6. exf3 e5 7. Qe2 Bd6 8. f4 e4 9. Nxd5 Nxd5 10. Qxe4+ Nde7
11. d5 O-O 12. O-O-O Nb8 13. f5 f6 14. Qe6+ Kh8 15. g4 Nd7 16. Rg1 Nc5 17. Qe3 Re8 18. Qh3 Ne4 19. Qh4 Bf4+ 20. Kb1 Nxd5
21. Bc4 c6 22. f3 Ng5 23. Rgf1 Qc7 24. Rf2 Rad8 25. Bc1 Bxc1 26. Kxc1 Qf4+ 27. Kb1 Nc3+ 28. Ka1 Nxd1 29. Rf1 Qc1#
0-1

[Event "FRIENDS aROUNd tHe WORLD"]
[Site "SchemingMind.com"]
[Date "2009.06.05"]
[Round "-"]
[White "GBEDARD"]
[Black "Vanh"]
[Result "0-1"]
[WhiteCountry "USA"]
[BlackCountry "ESP"]
[WhiteElo "2190"]
[WhiteRD "78"]
[BlackElo "2552"]
[BlackRD "193"]
[GameID "207342"]

1. e4 c5 2. Nf3 d6 3. d4 cxd4 4. Nxd4 Nf6 5. Nc3 a6 6. Be3 e5 7. Nb3 Be6 8. Qd2 Nbd7 9. f3 b5 10. O-O-O Be7
11. g4 Nb6 12. g5 Nfd7 13. Nd5 Bxd5 14. exd5 Rc8 15. Na5 Nxd5 16. Qxd5 Qxa5 17. c3 O-O 18. Kb1 Qc7 19. f4 Nb6 20. Qe4 Nc4
21. Bd3 g6 22. fxe5 dxe5 23. Bxc4 bxc4 24. Rhf1 Rcd8 25. h4 Rxd1+ 26. Rxd1 Rb8 27. Bf2 Bc5 28. Bxc5 Qxc5 29. Kc1 Qb6 30. Rd2 Qc7
31. Re2 Re8 32. Qd5 a5 33. Qb5 Kf8 34. Re4 Qa7 35. Qxc4 Qg1+ 36. Kc2 Qa1 37. Qc5+ Kg8 38. Qxa5 Qh1 39. Rb4 e4 40. Qd5 Qh2+
41. Kb3 e3 42. Qf3 e2 43. Rb7 Rf8 44. Re7 e1=Q 45. Rxe1 Rb8+ 46. Kc4 Qxb2 47. Re3 Qb5+ 48. Kd4 Rd8+ 49. Ke4 Qc4+ 50. Ke5 Re8+
0-1

[Event "FRIENDS aROUNd tHe WORLD"]
[Site "SchemingMind.com"]
[Date "2009.06.05"]
[Round "-"]
[White "reo"]
[Black "andu"]
[Result "1/2-1/2"]
[WhiteCountry "THA"]
[BlackCountry "AUT"]
[WhiteElo "1847"]
[WhiteRD "67"]
[BlackElo "1669"]
[BlackRD "64"]
[GameID "207343"]

1. d4 Nf6 2. c4 d5 3. Nc3 g6 4. Bg5 Bg7 5. e3 c5 6. dxc5 Qa5 7. Bxf6 Bxf6 8. Rc1 dxc4 9. Bxc4 O-O 10. Nf3 Nc6
11. h3 Rd8 12. Qe2 a6 13. O-O Qxc5 14. Ne4 Qf5 15. Nxf6+ Qxf6 16. Rfd1 Rxd1+ 17. Rxd1 Kg7 18. h4 Bg4 19. a3 e6 20. Bd3 Rd8
21. b4 Bxf3 22. Qxf3 Qxf3 23. gxf3 Ne5 24. Be2 Rxd1+ 25. Bxd1 Nc4 26. a4 e5= 27. Bb3 Nb2 28. Kf1 Nd3 29. b5 a5 30. Kg2 b6
31. Kg3 f5 32. f4 exf4+ 33. exf4 Kf6 34. h5 gxh5 35. Bd1 h4+ 36. Kxh4=
1/2-1/2

[Event "FRIENDS aROUNd tHe WORLD"]
[Site "SchemingMind.com"]
[Date "2009.06.08"]
[Round "-"]
[White "wastl"]
[Black "Clive Everill"]
[Result "1-0"]
[WhiteCountry "GER"]
[BlackCountry "CZE"]
[WhiteElo "1584"]
[WhiteRD "210"]
[BlackElo "1632"]
[BlackRD "49"]
[GameID "207344"]

1. e4 a6 2. Nf3 b5 3. d4 Bb7 4. Bd3 Nf6 5. O-O Bxe4 6. Nc3 Bxd3 7. Qxd3 e6 8. Re1 Be7 9. d5 O-O 10. a3 Bc5
11. b4 Bb6 12. Bg5 h6 13. Bh4 g5 14. Nxg5 hxg5 15. Bxg5 Bxf2+ 16. Kxf2 Ng4+ 17. Kg1 Qxg5 18. Qg3 Qf5 19. Rf1 Qh5 20. Ne4 Kh7
21. h3 f5 22. hxg4 Qg6 23. Qh4+ Kg7 24. Ng3 Qxg4 25. Nxf5+ Qxf5 26. Rxf5 Rxf5 27. Re1 Rxd5 28. Rf1 Nc6 29. Rf6 Rd1+ 30. Kf2 Rd2+
31. Kg3 Ne7 32. Qg5+
1-0

[Event "FRIENDS aROUNd tHe WORLD"]
[Site "SchemingMind.com"]
[Date "2009.06.05"]
[Round "-"]
[White "XTC"]
[Black "nino"]
[Result "1-0"]
[WhiteCountry "COL"]
[BlackCountry "WLS"]
[WhiteElo "1558"]
[WhiteRD "69"]
[BlackElo "1397"]
[BlackRD "78"]
[GameID "207351"]

1. e4 d5 2. exd5 Qxd5 3. Nc3 Qd7 4. g3 b6 5. Bg2 Nc6 6. d3 Bb7 7. Nge2 Nf6 8. O-O e5 9. Bg5 Nd5 10. Bxd5 Be7
11. Bxe7 Qxe7 12. Re1 O-O-O 13. Nf4 g5 14. Bxc6 Bxc6 15. Ng2 f5 16. Ne2 Bxg2 17. Kxg2 f4 18. Nc3 Qf7 19. Rxe5 g4 20. Qxg4+ Kb8
21. Rf5 Qe6 22. Qxf4 Rhf8 23. Nb5 Qc6+ 24. f3 Rfe8 25. Nd4 Rxd4 26. Qxd4 Re2+ 27. Kh3 Qh6+ 28. Kg4 Rg2 29. Qd5 Qxh2 30. Rf8#
1-0

[Event "FRIENDS aROUNd tHe WORLD"]
[Site "SchemingMind.com"]
[Date "2009.06.05"]
[Round "-"]
[White "Vanh"]
[Black "GBEDARD"]
[Result "1-0"]
[WhiteCountry "ESP"]
[BlackCountry "USA"]
[WhiteElo "2552"]
[WhiteRD "193"]
[BlackElo "2190"]
[BlackRD "78"]
[GameID "207352"]

1. e4 d6 2. d4 Nf6 3. Nc3 g6 4. Be3 c6 5. Qd2 b5 6. Bd3 Nbd7 7. Nf3 e5 8. dxe5 dxe5 9. h3 Bb7 10. a4 a6
11. O-O Bg7 12. Ne2 O-O 13. Ng3 Re8 14. c4 bxc4 15. Bxc4 Qc7 16. Rfd1 a5 17. Rac1 c5 18. Ng5 Re7 19. h4 h6 20. h5 hxg5
21. hxg6 Kf8 22. Nf5 fxg6 23. Nxe7 Kxe7 24. Bxg5 Bxe4 25. Qe2 Bf5 26. g4 Be6 27. Bxe6 Kxe6 28. Qc4+ Ke7 29. Qe4 Rf8 30. Qxg6 Rf7
31. Bxf6+ Nxf6 32. g5 Ne8 33. Rd5 c4 34. Qa6 Rf4 35. Qxa5 Qxa5 36. Rxa5 Ke6 37. Rb5 Nd6 38. Rb6 Kd7 39. a5 Kc7 40. Kf1 Rf5
41. Rd1 Ne4 42. Rb4 Rxf2+ 43. Ke1 Rc2 44. a6 Bf8 45. Rb7+ Kc6 46. Rd8 Bc5 47. g6 Rg2 48. g7 Bf2+ 49. Kf1 Rg1+ 50. Ke2 Re1+
51. Kf3 Re3+= 52. Kg4 Rg3+ 53. Kf5 Nd6+ 54. Rxd6+ Kxd6 55. a7 Bxa7 56. Rxa7 Kd5 57. Kf6 Rf3+ 58. Ke7 Rg3 59. Kf8 e4 60. Rd7+ Ke6
61. Re7+ Kf6 62. Rc7 Rf3 63. Rf7+
1-0

[Event "FRIENDS aROUNd tHe WORLD"]
[Site "SchemingMind.com"]
[Date "2009.06.05"]
[Round "-"]
[White "andu"]
[Black "reo"]
[Result "1-0"]
[WhiteCountry "AUT"]
[BlackCountry "THA"]
[WhiteElo "1835"]
[WhiteRD "49"]
[BlackElo "1836"]
[BlackRD "71"]
[GameID "207353"]

1. e4 e5 2. Nf3 Nc6 3. Bb5 a6 4. Ba4 Nf6 5. O-O Bc5 6. Nxe5 Nxe5 7. d4 Nxe4 8. Re1 Be7 9. Rxe4 Ng6 10. Bg5 O-O
11. Bxe7 Nxe7 12. Nc3 d5 13. Re2 c6 14. Qd2 b5 15. Bb3 a5 16. Rae1 Nf5 17. a4 b4 18. Nd1 Qh4 19. f4 Be6 20. Nf2 Nh6
21. Re5 Rfe8 22. g3 Qf6 23. c4 Red8 24. Bc2 Bf5 25. cxd5 Bxc2 26. Qxc2 cxd5 27. Qc5 g6 28. Rxd5 Rxd5 29. Qxd5 Rd8 30. Qxa5 Rxd4
31. Qg5 Qxg5 32. fxg5 Nf5 33. a5 Nd6 34. a6 Nb5 35. Re5 Na7 36. Re7 Nb5 37. a7 Rd8 38. Rb7
1-0